[Event "IECC CL5-2016.03 email"]
[Site "IECC email"]
[Date "2016.07.01"]
[Round "?"]
[White "Basson, Heinrich"]
[Black "Washington, Christopher Will"]
[Result "1-0"]
[WhiteElo "1602"]
[BlackElo "1411"]
[PlyCount "37"]
[EventDate "2016.??.??"]
[EventType "tourn (corr)"]
[EventRounds "4"]
[SourceTitle "Corr 2020"]
[Source "ChessBase"]
[SourceDate "2019.09.30"]
[SourceVersion "1"]
[SourceVersionDate "2019.09.30"]
[SourceQuality "1"]
[WhiteTeam "South Africa"]
[BlackTeam "United States"]
[WhiteTeamCountry "RSA"]
[BlackTeamCountry "USA"]

1. Nf3 d5 2. g3 f5 3. Bg2 Nf6 4. 0-0 e6 5. d4 Bd6 6. a3 Nbd7 7. c3 0-0 8. Nbd2 Ne4 9. Rb1 Kh8 10. Qc2 Rg8 11. Nxe4 fxe4 12. Ng5 Qe7 13. f3 h6 14. Nh3 exf3 15. Bxf3 Rf8 16. Nf4 Bxf4 17. gxf4 Qh4 18. b3 c6 19. e4 1-0

[Event "IECC CL5-2016.03 email"]
[Site "IECC email"]
[Date "2016.07.01"]
[Round "?"]
[White "Hargreaves, Richard"]
[Black "Washington, Christopher Will"]
[Result "1-0"]
[WhiteElo "1507"]
[BlackElo "1437"]
[PlyCount "57"]
[EventDate "2016.??.??"]
[EventType "tourn (corr)"]
[EventRounds "4"]
[SourceTitle "Corr 2020"]
[Source "ChessBase"]
[SourceDate "2019.09.30"]
[SourceVersion "1"]
[SourceVersionDate "2019.09.30"]
[SourceQuality "1"]
[WhiteTeam "England"]
[BlackTeam "United States"]
[WhiteTeamCountry "ENG"]
[BlackTeamCountry "USA"]

1. g3 d5 2. Nf3 c6 3. Bg2 Nf6 4. 0-0 Bg4 5. d4 e6 6. Ne5 Bf5 7. f3 Bd6 8. Nc3 Nbd7 9. e4 dxe4 10. fxe4 Bg6 11. Nxg6 hxg6 12. e5 Nxe5 13. dxe5 Qb6+ 14. Kh1 Bxe5 15. Na4 Qa5 16. Bf4 Rd8 17. Qe1 Qxa4 18. Bxe5 Ng4 19. h3 Qxc2 20. Rc1 Qd3 21. Bxg7 Rh7 22. Qb4 Rxg7 23. Qxg4 Rh7 24. Rcd1 Qe3 25. Rde1 Qd2 26. Rxe6+ Kf8 27. Rxg6 Qe3 28. Rg8+ Ke7 29. Qb4+ 1-0

[Event "IECC CL5-2016.03 email"]
[Site "IECC email"]
[Date "2016.07.01"]
[Round "?"]
[White "Washington, Christopher Will"]
[Black "Cook, Phil"]
[Result "0-1"]
[WhiteElo "1425"]
[BlackElo "1485"]
[PlyCount "48"]
[EventDate "2016.??.??"]
[EventType "tourn (corr)"]
[EventRounds "4"]
[SourceTitle "Corr 2020"]
[Source "ChessBase"]
[SourceDate "2019.09.30"]
[SourceVersion "1"]
[SourceVersionDate "2019.09.30"]
[SourceQuality "1"]
[WhiteTeam "United States"]
[BlackTeam "New Zealand"]
[WhiteTeamCountry "USA"]
[BlackTeamCountry "NZL"]

1. f4 d5 2. d4 Nf6 3. Nf3 Bf5 4. e3 e6 5. c3 c6 6. Bd3 Bxd3 7. Qxd3 Bd6 8. 0-0 Nbd7 9. Nbd2 0-0 10. Ne5 c5 11. Kh1 Rc8 12. Rg1 Qc7 13. g4 Be7 14. g5 Nxe5 15. fxe5 Nd7 16. Rg4 Qc6 17. Rh4 h6 18. Nf3 Qa6 19. Qd1 hxg5 20. Rh5 g6 21. Nxg5 f6 22. Rh7 fxg5 23. Bd2 Kxh7 24. Qg1 Rf3 0-1

[Event "IECC CL5-2014.02 email"]
[Site "IECC email"]
[Date "2014.05.03"]
[Round "?"]
[White "Washington, Christopher Will"]
[Black "Filgueira, Horacio"]
[Result "1-0"]
[WhiteElo "1459"]
[BlackElo "1378"]
[PlyCount "39"]
[EventDate "2014.??.??"]
[EventType "tourn (corr)"]
[EventRounds "4"]
[SourceTitle "Corr 2020"]
[Source "ChessBase"]
[SourceDate "2019.09.30"]
[SourceVersion "1"]
[SourceVersionDate "2019.09.30"]
[SourceQuality "1"]
[WhiteTeam "United States"]
[BlackTeam "Argentina"]
[WhiteTeamCountry "USA"]
[BlackTeamCountry "ARG"]

1. f4 d5 2. Nf3 c5 3. e3 Nc6 4. d4 Nf6 5. c3 c4 6. Be2 e6 7. Nbd2 Ne7 8. Ne5 a6 9. 0-0 Nf5 10. Ndf3 Ne4 11. Qe1 f6 12. Ng4 b5 13. a3 h5 14. Nf2 h4 15. Ng4 Qc7 16. Nd2 Ned6 17. Bf3 Bb7 18. e4 dxe4 19. Nxe4 Bd5 20. Nexf6+ 1-0

[Event "IECC CL5-2011.08 email"]
[Site "IECC email"]
[Date "2011.05.07"]
[Round "?"]
[White "Washington, Christopher Will"]
[Black "Hargreaves, John Richard"]
[Result "0-1"]
[WhiteElo "1503"]
[BlackElo "1569"]
[PlyCount "46"]
[EventDate "2011.??.??"]
[EventType "tourn (corr)"]
[EventRounds "4"]
[SourceTitle "Telechess CBM 145"]
[Source "Chessbase"]
[SourceDate "2011.11.11"]
[SourceVersion "1"]
[SourceVersionDate "2011.11.11"]
[SourceQuality "1"]
[WhiteTeam "US of America"]
[BlackTeam "England"]
[WhiteTeamCountry "USA"]
[BlackTeamCountry "ENG"]

1. Nh3 e5 2. f3 d5 3. Nf2 Nf6 4. g3 Nc6 5. Bg2 Bc5 6. e3 0-0 7. d3 Qe7 8. 0-0 Bd7 9. c3 Bb6 10. b3 h6 11. a3 Rfe8 12. Re1 Bf5 13. Nd2 a5 14. Bb2 Rad8 15. Qc2 Qd6 16. Rad1 Bg6 17. e4 Qc5 18. Nf1 dxe4 19. dxe4 Nd4 20. Rxd4 exd4 21. c4 d3 22. Qd2 a4 23. f4 Ng4 0-1

[Event "IECC KO-2109"]
[Site "IECC email"]
[Date "2011.04.25"]
[Round "?"]
[White "Washington, Christopher Will"]
[Black "D'Aragona, Vittoria"]
[Result "0-1"]
[WhiteElo "1523"]
[BlackElo "1458"]
[PlyCount "39"]
[EventDate "2010.??.??"]
[EventType "tourn (corr)"]
[SourceTitle "Telechess CBM 145"]
[Source "Chessbase"]
[SourceDate "2011.11.11"]
[SourceVersion "1"]
[SourceVersionDate "2011.11.11"]
[SourceQuality "1"]
[WhiteTeam "US of America"]
[BlackTeam "Italy"]
[WhiteTeamCountry "USA"]
[BlackTeamCountry "ITA"]

1. Nh3 Nf6 2. f3 e5 3. Nf2 Nc6 4. g3 Bc5 5. e3 0-0 6. Bg2 d5 7. 0-0 d4 8. e4 d3 9. c3 a5 10. b3 b5 11. Bb2 Be6 12. Qe1 b4 13. Qc1 Qd6 14. Qd1 Bb6 15. a3 Rfb8 16. Kh1 bxc3 17. dxc3 Bxf2 18. Rxf2 Qc5 19. Rd2 Rxb3 20. Rxd3 0-1

[Event "Swiss-549.1.08"]
[Site "IECC email"]
[Date "2010.02.08"]
[Round "?"]
[White "Longden, Richard A"]
[Black "Washington, Christopher Will"]
[Result "1/2-1/2"]
[WhiteElo "1198"]
[BlackElo "1487"]
[PlyCount "120"]
[EventDate "2010.??.??"]
[EventType "tourn (corr)"]
[SourceTitle "Telechess CBM 149"]
[Source "ChessBase"]
[SourceDate "2012.07.17"]
[SourceVersion "1"]
[SourceVersionDate "2012.07.17"]
[SourceQuality "1"]
[BlackTeam "US of America"]
[BlackTeamCountry "USA"]

1. e4 g6 2. f4 Bg7 3. Bc4 d6 4. Nf3 e6 5. 0-0 Ne7 6. Nc3 Nd7 7. Ng5 Nb6 8. Bb3 h6 9. Nf3 Nd7 10. d4 b6 11. Be3 Bb7 12. Qd2 a6 13. Rad1 Nf8 14. a3 f6 15. Qf2 Qd7 16. Rd2 f5 17. e5 d5 18. Ne2 b5 19. c3 Qc8 20. Ba2 Nd7 21. Qg3 0-0 22. Nh4 Kh7 23. Rc2 Qe8 24. Bc1 Rc8 25. b3 Qf7 26. a4 c5 27. Ba3 b4 28. cxb4 cxd4 29. Rxc8 Rxc8 30. Bb1 g5 31. Nf3 gxf4 32. Qh3 Kg8 33. Nfxd4 Bxe5 34. Qxh6 Nf6 35. Nxf4 Bxd4+ 36. Kh1 e5 37. Ne2 Ne4 38. Bxe4 dxe4 39. b5 Ng6 40. Qg5 f4 41. Nxd4 exd4 42. bxa6 Bxa6 43. Rxf4 Qxf4 44. Qxg6+ Kh8 45. h3 Bb7 46. Qb6 Rg8 47. Qxd4+ Rg7 48. Bb2 Qg3 49. Qxg7+ Qxg7 50. Bxg7+ Kxg7 51. Kg1 e3 52. Kf1 Ba6+ 53. Ke1 Bd3 54. b4 Kf6 55. b5 Ke5 56. b6 Ba6 57. h4 Kf5 58. h5 Kg5 59. g4 Kh6 60. a5 Kg5 1/2-1/2

[Event "IECC CL5-2009.24 email"]
[Site "IECC email"]
[Date "2009.11.28"]
[Round "?"]
[White "Washington, Christopher Will"]
[Black "Kawagoe, Toshiji"]
[Result "0-1"]
[WhiteElo "1500"]
[BlackElo "1425"]
[PlyCount "64"]
[EventDate "2009.??.??"]
[EventType "tourn (corr)"]
[EventRounds "4"]
[SourceTitle "Telechess CBM 137"]
[Source "ChessBase"]
[SourceDate "2010.07.15"]
[SourceVersion "1"]
[SourceVersionDate "2010.07.15"]
[SourceQuality "1"]
[WhiteTeam "US of America"]
[BlackTeam "Japan"]
[WhiteTeamCountry "USA"]
[BlackTeamCountry "JPN"]

1. g3 g6 2. Bg2 Bg7 3. Nh3 d5 4. f3 c5 5. Nf2 Nc6 6. 0-0 e6 7. e3 Nge7 8. d3 0-0 9. c3 b5 10. a3 Bb7 11. Nd2 a5 12. Nb3 Qb6 13. d4 c4 14. Nc5 Bc8 15. Bd2 e5 16. g4 exd4 17. Re1 dxc3 18. Na4 bxa4 19. bxc3 Qb3 20. Qc1 Qb8 21. f4 Bd7 22. e4 d4 23. e5 d3 24. Qd1 Qc7 25. Ne4 Rab8 26. Nf6+ Bxf6 27. exf6 Nc8 28. Qf3 Rb2 29. Qh3 Qd6 30. Qh4 Rxd2 31. g5 Qc5+ 32. Kf1 Bg4 0-1